खूब लड़ी मर्दानी वह तो.../ (Record no. 112587)

MARC details
000 -LEADER
fixed length control field 01076nam a22002537a 4500
005 - DATE AND TIME OF LATEST TRANSACTION
control field 20170124102941.0
010 ## - LIBRARY OF CONGRESS CONTROL NUMBER
LC control number B-081538
020 ## - INTERNATIONAL STANDARD BOOK NUMBER
Terms of availability 125.00
035 ## - SYSTEM CONTROL NUMBER
System control number B-081538
037 ## - SOURCE OF ACQUISITION
Source of stock number/acquisition Cen Lib/Ret
040 ## - CATALOGING SOURCE
Original cataloging agency DPL
Language of cataloging HN
082 ## - DEWEY DECIMAL CLASSIFICATION NUMBER
Classification number 822
Item number चौहान
100 ## - MAIN ENTRY--PERSONAL NAME
Personal name चौहान, लालबहादुर सिंह
9 (RLIN) 46054
245 ## - TITLE STATEMENT
Title खूब लड़ी मर्दानी वह तो.../
Statement of responsibility, etc लालबहादुर सिंह चौहान
246 ## - VARYING FORM OF TITLE
Title proper/short title Khoob lari mardani wah to.../
Remainder of title by Lalbahadur Singh Chauhan
260 ## - PUBLICATION, DISTRIBUTION, ETC. (IMPRINT)
Place of publication, distribution, etc दिल्ली
Name of publisher, distributor, etc स्वस्तिक प्रकाशन
Date of publication, distribution, etc 2003
270 ## - ADDRESS
City दिल्ली
Address कश्मीरी गेट
Postal code 110006
300 ## - PHYSICAL DESCRIPTION
Extent 120पृ.
Dimensions 21मी(सजिल्द)
650 ## - SUBJECT ADDED ENTRY--TOPICAL TERM
Topical term or geographic name as entry element हिन्दी साहित्य
9 (RLIN) 48301
650 ## - SUBJECT ADDED ENTRY--TOPICAL TERM
Topical term or geographic name as entry element हिन्दी साहित्य -- नाटक
9 (RLIN) 46022
650 ## - SUBJECT ADDED ENTRY--TOPICAL TERM
Topical term or geographic name as entry element Hindi literature
9 (RLIN) 48302
650 ## - SUBJECT ADDED ENTRY--TOPICAL TERM
Topical term or geographic name as entry element Hindi literature -- Drama
9 (RLIN) 48303
942 ## - ADDED ENTRY ELEMENTS (KOHA)
Source of classification or shelving scheme Dewey Decimal Classification
Koha item type Hindi Books
Classification part 822
Call number suffix चौहान
Holdings
Withdrawn status Lost status Damaged status Not for loan Home library Current library Date acquired Source of acquisition Cost, normal purchase price Total Checkouts Full call number Barcode Date last seen Date checked out Copy number Cost, replacement price Price effective from Koha item type Source of classification or shelving scheme Total Renewals
        Central Library Central Library 08/08/2015 Cen Lib/Ret 125.00 1 822 चौहान B-081538 05/03/2018 19/02/2018 1 125.00 08/08/2015 Hindi Books    
        Central Library Central Library 31/10/2016   125.00 2 822 चौहान B-243952 05/02/2021 22/01/2021   125.00 31/10/2016 Hindi Books Dewey Decimal Classification 2

© Delhi Public Library
Hit Counter
free hit counter